| 000 | 00987nam a22002297a 4500 | ||
|---|---|---|---|
| 001 | EIF-IX-2016-M12-001 | ||
| 003 | OSt | ||
| 005 | 20221228141215.0 | ||
| 008 | 221228b |||||||| |||| 00| 0 eng d | ||
| 040 |
_aFundación Jesús Pereda _cFundación Jesús Pereda |
||
| 041 | _aCastellano | ||
| 100 |
_uUniversidad de Puerto Rico-Recinto de Río Piedras _aCaride, Lara _9968 |
||
| 111 |
_aEncuentro de Investigadores del Franquismo _c(Granada _d2016. _n9º) _9101 |
||
| 245 |
_aHistoria, memoria y ficción de españoles en campos de concentración alemanes: _bJorge Semprún y Joaquim Amat-Piniella _c/Lara Caride |
||
| 600 | 0 |
_9969 _aSemprún, Jorge |
|
| 600 | 0 |
_9970 _aAmat-Piniella, Joaquim |
|
| 650 | 0 |
_9971 _aCampos de concentración |
|
| 650 | 0 |
_9818 _aHistoriografía |
|
| 773 |
_tActas del IX Encuentro de Investigadores del Franquismo _g567-571 p. |
||
| 856 | _uhttps://bibliotecaccoocyl.fundacionjesuspereda.es/cgi-bin/koha/opac-retrieve-file.pl?id=133b72664cc5d0f17ef37f3dd47602b6 | ||
| 942 |
_2ddc _cCF _n0 |
||
| 999 |
_c576 _d576 |
||